Víctimas del alcohol = Children of Alcohol /

Cortometraje documental acerca de las consecuencias que el abuso del alcohol tiene en la familia y de modo específico en sus miembros menores de edad, dirigido primordialmente a las audiencias de alumnos de educación primaria y educación media básica. Un grupo de niños y adolescentes, hijos de alcoh...

Fuld beskrivelse

Guardado en:
Bibliografiske detaljer
Hovedforfatter: Cardinal, Gil (realización)
Andre forfattere: Ross, Bev (guión) (guión), Cole, Doug (fotógrafo) (fotógrafo), Spak, Harvey (montaje) (montaje), Wheeler, Anne (montaje) (montaje), Cardinal, Gil (montaje) (montaje), Reese, Lawrence (música) (música), Purdy, Kris (conducción) (conducción)
Format: Slide
Sprog:engelsk
Udgivet: Canadá : National Film Board of Canada, 1984, c1984
Serier:(Ideas Educativas. Adicciones)
Fag:
Tags: Tilføj Tag
Ingen Tags, Vær først til at tagge denne postø!

MARC

LEADER 00000ngm^a2200000^a^4500
001 000270681
005 20250521000000.0
009 20260310111004.172
037 |a Acervo ITESO - Biblioteca 
041 |a ING 
082 |a 618. 928619  |b CAR 
100 |a Cardinal, Gil  |e (realización) 
245 1 0 |a Víctimas del alcohol =  |b Children of Alcohol /  |c Realización de G. Cardinal. 
246 2 |a Título en la pantalla: Hijos del alcohol 
264 4 |a Canadá :  |b National Film Board of Canada,  |c 1984, c1984 
264 2 |a México :  |b Quality Films [distribución],  |c 2006, c2006 
300 |a 1 DVD regiones 1 y 4  |c (18 min.) 
336 |a imagen móvil bidimensional  |b tdi  |2 rdacontenido 
337 |a video  |b v  |2 rdamedio 
338 |a videodisco  |b vd  |2 rdasoporte 
440 1 |a (Ideas Educativas.  |p Adicciones) 
520 |a Cortometraje documental acerca de las consecuencias que el abuso del alcohol tiene en la familia y de modo específico en sus miembros menores de edad, dirigido primordialmente a las audiencias de alumnos de educación primaria y educación media básica. Un grupo de niños y adolescentes, hijos de alcohólicos, comparten sus experiencias en un campamento, donde manifiestan su enojo y frustraciones y los esfuerzos que hacen para enfrentar los problemas que causa la adicción paterna y/o materna. 
546 |a En inglés, con subtítulos opcionales: español 
546 |a Doblaje opcional: español 
649 |a XX 
650 |a Niños -  |x Condiciones Psicológicas 
650 |a Adolescentes -  |x Condiciones Psicológicas 
650 |a Familia -  |x Condiciones Psicológicas 
650 |a Documentales 
650 |a Cortometrajes y Mediometrajes Canadienses 
650 |a Cine Canadiense -  |y 1980-1989 
650 |a Cine Canadiense -  |y Siglo XX 
650 |a Alcoholismo -  |x Tema Principal 
650 |a Adicciones 
650 |a Trastornos de Conducta 
650 |a Psicopatología 
650 |a Problemas Sociales 
650 |a Relaciones Padres-Hijos -  |x Aspectos Psicológicos -  |x Tema Principal 
650 |a Relaciones Familiares 
650 |a Conflicto (Relaciones Personales) 
650 |a Comunicación Personal 
650 |a Psicología Clínica 
700 |a Ross, Bev  |e (guión) 
700 |a Cole, Doug  |e (fotógrafo) 
700 |a Spak, Harvey  |e (montaje) 
700 |a Wheeler, Anne  |e (montaje) 
700 |a Cardinal, Gil  |e (montaje) 
700 |a Reese, Lawrence  |e (música) 
700 |a Purdy, Kris  |e (conducción) 
910 |a Fondo General 
920 |a Audiovisuales - DVDs 
940 |a Películas 
905 |a 302 
901 |a 0500142673  |b IT2  |c DVS  |u 20250521 
902 |a https://opac.biblio.iteso.mx/vufind/Record/000270681